| 000 | 01437nam a22002057a 4500 | ||
|---|---|---|---|
| 999 |
_c60354 _d60354 |
||
| 003 | Ge_BSU | ||
| 005 | 20230703145057.0 | ||
| 008 | 230703s1988ge xxu||||| |||| 00| 0 geo d | ||
| 041 | _ageo | ||
| 080 | _a821.14'01-14 ა-61 | ||
| 100 |
_aანაკრეონტი, (ავტორი). _919142 |
||
| 245 |
_aანაკრეონტეა = Анакреонтика = Anacreontica : _bლირიკა / _cანაკრეონტი, რედ. აკაკი ურუშაძე. |
||
| 264 |
_aთბილისი: _bთბილისის უნივერსიტეტის გამომცემლობა, _c1988. |
||
| 300 |
_a149 [3]გვ.: _b20 სმ. |
||
| 500 | _aძველბერძნულიდან თარგმნა, შესავალი წერილი, კომენტარები და სახელთა საძიებელი დაურთო თამარ კალატოზმა. | ||
| 653 | _aლირიკა. ძველბერძნული ლირიკა. სატრფიალო და სანადიმო სიმღერები. | ||
| 700 |
_aურუშაძე, აკაკი _eრედაქტორი _919143 |
||
| 710 |
_aთბილისის უნივერსიტეტის ბერძნულ–ლათინური ბიბლიოთეკა. _919144 |
||
| 942 |
_2udc _cBK |
||